000 00362 a2200157 4500
001 178799
020 _a
040 _cMagnum
100 _aJunqueira, Sonia
240 1 0 _aHermengarda perdeu a espingarda
_lpor
245 1 0 _aHermengarda perdeu a espingarda
362 0 _a1899
440 1 _aModerna
697 _aMAGNITO: IJ/AVENTURA, CRIANCAS
942 _cBK
999 _c178799
_d178799